Logos - Statistics

General Stats
  • This quiz has been taken 71 times
  • The average score is 14 of 16
Answer Stats
Picture Answer % Correct
Nike
100%
Adidas
98%
Apple
98%
Gucci
96%
KFC
96%
LG
94%
Firefox
90%
Safari
90%
Taco bell
88%
Playboy
85%
Target
85%
Fila
83%
Dreamworks
77%
Chanel
75%
Rolex
75%
Lufthansa
37%
No matching quizzes found
Score Distribution
Percent of People with Each Score
Percentile by Number Answered
Your Score History
You have not taken this quiz